| 000 | 00000nam 2200000za 4500 |
| 001 | 9.529339 |
| 003 | CaOODSP |
| 005 | 20241127112910 |
| 007 | ta |
| 008 | 150406s1997 onca f000 0 fre d |
| 020 | |a0-662-63209-5|z0-662-25929-7 |
| 040 | |aCaOODSP|bfre |
| 041 | |aeng |
| 041 | |afre |
| 043 | |an-cn--- |
| 086 | 1 |aEn56-119/4-1997-1 |
| 110 | 1 |aCanada. |bService de l'environnement atmosphérique. |
| 245 | 10|aLes impacts et l'adaptation à la variabilité et au changement climatique : |bsommaire des provinces de l'Atlantique |
| 260 | |aOttawa - Ontario : |bEnvironnement Canada. |c1997. |
| 300 | |aTexte français, 8p. : |bill. ; |c28 cm. |
| 490 | 1 |aÉtude Pan-canadienne |
| 500 | |aDonnées de catalogage avant publication (Canada) imprimées dans cette publication. |
| 546 | |aBilingue |
| 563 | |aCouverture souple |
| 590 | |a01-22|b2001-06-01 |
| 691 | 07|aClimat|2gcpds |
| 691 | 07|aRessources naturelles|2gcpds |
| 776 | 0#|tAtlantic Canada summary|w(CaOODSP)9.574601 |
| 776 | 0#|tSommaire des provinces de l'Atlantique|w(CaOODSP)9.604339 |
| 791 | |tClimate impacts and adaptation : |eeng|w(CaOODSP)9.529338 |
| 830 | #0|aL'étude pan-canadienne.|w(CaOODSP)9.509289 |